000 00519nam a22001697a 4500
999 _c523993
_d523993
003 NUST
020 _c(Hbk)
038 _aShaban
082 _a891.421
_bSHZ
100 _aShahzad, Hakeem Muhammad Arshad
_914822
245 _aVailan de vich ganna \
_cHakeen Muhammad Arshad Shahzad
260 _aLahore -:
_bInstitute of punjabi language & culture,
_c1999.
300 _a136 p. -;
880 _6100-02\r
_aحکیم محمّد ارشد شہزاد
880 _6245-02\r
_a/ ویلن دے وچ گنا
942 _2ddc
_cBK